Beer styles - Statistics

General Stats
  • This quiz has been taken 749 times
  • The average score is 4 of 20
Answer Stats
Hint Answer % Correct
Creemore Springs Premium Lager
85%
Magic Hat Blind Faith IPA
63%
Bitburger Pilsner
58%
Bass Pale ale
53%
Geary's Pale ale
53%
Newcastle Brown ale
48%
Chimay Grand Reserve Abbey
15%
Red Hook ESB American ale
14%
Celis White Belgian wheat
14%
Lindemans Lambic
11%
Guinness Dry stout
10%
Duvel Belgian strong golden ale
7%
Leffe Abbey
4%
Sam Adams Triple Bock Barley wine
3%
Fuller's London Pride Bitter ale
3%
McEwan's Scottish ale
3%
Blanche de Bruges Witbier
2%
Carlsberg 47 Vienna lager
1%
Maudite Belgian red ale
0%
St. Sylvestre 3 Monts Biere de garde
0%
No matching quizzes found
Score Distribution
Percent of People with Each Score
Percentile by Number Answered
Your Score History
You have not taken this quiz